000 00386nam a2200133Ia 4500
005 20260328101500.0
008 260328s9999||||xx |||||||||||||| ||und||
100 _aPapadakis, Andreas
245 0 _aTheory & experimentation :
_b Architectural Ideas for today and Tomorrow /
_cAndreas Papadakis
260 _bArchitectural Design
300 _a96 p.
650 _aARQUITECTURA
942 _cBK
999 _c8944
_d8944